<?xml version="1.0" encoding="UTF-8"?>
<record
    xmlns:xsi="http://www.w3.org/2001/XMLSchema-instance"
    xsi:schemaLocation="http://www.loc.gov/MARC21/slim http://www.loc.gov/standards/marcxml/schema/MARC21slim.xsd"
    xmlns="http://www.loc.gov/MARC21/slim">

  <leader>03358nab a2200265 i 4500</leader>
  <controlfield tag="003">BR-BrBNA</controlfield>
  <controlfield tag="005">20240802122039.0</controlfield>
  <controlfield tag="008">240802b2016    bl.mr|pooa||| 00| 0 eng |</controlfield>
  <datafield tag="040" ind1=" " ind2=" ">
    <subfield code="a">BR-BrBNA</subfield>
    <subfield code="b">eng</subfield>
  </datafield>
  <datafield tag="072" ind1=" " ind2=" ">
    <subfield code="a">Q02</subfield>
    <subfield code="b">9490</subfield>
  </datafield>
  <datafield tag="100" ind1=" " ind2=" ">
    <subfield code="a">M&#xF6;rschb&#xE4;cher, Ana Paula </subfield>
  </datafield>
  <datafield tag="100" ind1=" " ind2=" ">
    <subfield code="a">Volpato, Giandra </subfield>
  </datafield>
  <datafield tag="100" ind1=" " ind2=" ">
    <subfield code="a">Souza, Claucia Fernanda Volken de </subfield>
  </datafield>
  <datafield tag="245" ind1=" " ind2=" ">
    <subfield code="a">Kluyveromyces lactis &#x3B2;-galactosidase immobilization in calcium alginate spheres and gelatin for hydrolysis of cheese whey lactose</subfield>
  </datafield>
  <datafield tag="500" ind1=" " ind2=" ">
    <subfield code="a">Publica&#xE7;&#xE3;o on-line; 28 ref.; Sumaries (En, Pt)</subfield>
  </datafield>
  <datafield tag="520" ind1=" " ind2=" ">
    <subfield code="a">

ABSTRACT - One of the greatest challenges for dairy industries is the correct destination of all the whey generated during cheese making, considering its high impact, the large volume created, and its technological potential. Enzymatic hydrolysis of cheese whey lactose is a biotechnological alternative. However, one of the limiting factors of its use is the relatively high cost of the enzymes, which could be lowered with the immobilization of these biocatalysts. Considering this context, the objective of this research was to evaluate the commercial Kluyveromyces lactis &#x3B2;-galactosidase enzyme immobilized in calcium alginate spheres and gelatin, using glutaraldehyde and concanavalin A (ConA) as modifying agents in the hydrolysis of cheese whey lactose process. Results have shown that the enzyme encapsulation complexed with ConA in alginate-gelatin spheres, without glutaraldehyde in the immobilization support, has significantly increased the hydrolysis of lactose rate, achieving a maximum conversion of 72%.

Key words: lactose, cheese whey, &#x3B2;-galactosidase, enzyme immobilization.</subfield>
  </datafield>
  <datafield tag="520" ind1=" " ind2=" ">
    <subfield code="a">

RESUMO - Um dos grandes desafios das ind&#xFA;strias de latic&#xED;nios &#xE9; destinar de forma correta todo o soro gerado durante a produ&#xE7;&#xE3;o de queijo, devido ao seu impacto ambiental, grande volume gerado e potencial tecnol&#xF3;gico. A hidr&#xF3;lise enzim&#xE1;tica da lactose presente no soro de queijo &#xE9; uma alternativa biotecnol&#xF3;gica. Contudo, um dos fatores limitantes de sua utiliza&#xE7;&#xE3;o &#xE9; o custo relativamente alto das enzimas, o que poderia ser minimizado com a imobiliza&#xE7;&#xE3;o destes biocatalisadores. Baseado nesse contexto, o objetivo do presente trabalho foi avaliar a enzima comercial &#x3B2;-galactosidase de Kluyveromyces lactis, imobilizada em esferas de alginato de c&#xE1;lcio e gelatina, empregando o glutaralde&#xED;do e a concanavalina A (ConA) como agentes modificadores, no processo de hidr&#xF3;lise da lactose presente no soro de queijo. Os resultados obtidos demonstraram que o encapsulamento da enzima complexada com ConA em esferas de alginato-gelatina, sem a presen&#xE7;a de glutaralde&#xED;do no meio de imobiliza&#xE7;&#xE3;o, aumentou de modo significativo o teor de hidr&#xF3;lise da lactose, obtendo convers&#xE3;o m&#xE1;xima de 72%.

Palavras-chave: lactose, soro de queijo, &#x3B2;-galactosidase, imobiliza&#xE7;&#xE3;o de enzimas.</subfield>
  </datafield>
  <datafield tag="650" ind1=" " ind2=" ">
    <subfield code="a">LACTOSE</subfield>
  </datafield>
  <datafield tag="650" ind1=" " ind2=" ">
    <subfield code="a">SORO DE LEITE</subfield>
  </datafield>
  <datafield tag="650" ind1=" " ind2=" ">
    <subfield code="a">IND&#xDA;STRIA ALIMENT&#xCD;CIA</subfield>
  </datafield>
  <datafield tag="773" ind1="0" ind2=" ">
    <subfield code="0">2408</subfield>
    <subfield code="9">314927</subfield>
    <subfield code="d">Santa Maria-RS Universidade Federal de Santa Maria - Centro de Ci&#xEA;ncias Rurais 1991</subfield>
    <subfield code="o">2024-1178</subfield>
    <subfield code="t">Ci&#xEA;ncia Rural (Brazil)</subfield>
    <subfield code="x">0103-8478</subfield>
    <subfield code="g">v. 46(5) p. 921-926; (2016)</subfield>
    <subfield code="w">BR2024001319</subfield>
  </datafield>
  <datafield tag="856" ind1=" " ind2=" ">
    <subfield code="u">https://www.scielo.br/j/cr/a/86fP6CDrg36dJXmhrR6Fxkj/?format=pdf&amp;lang=en</subfield>
  </datafield>
  <datafield tag="942" ind1=" " ind2=" ">
    <subfield code="c">Anal&#xED;tica</subfield>
  </datafield>
  <datafield tag="999" ind1=" " ind2=" ">
    <subfield code="c">300722</subfield>
    <subfield code="d">300722</subfield>
  </datafield>
</record>
